Colombia amazónica / Corporación Colombiana para la Amazonía - Araracuara - COA ; Dario Fajardo Montaña, Director (Registro nro. 43330)
[ vista simple ]
| 000 -LÍDER | |
|---|---|
| Campo fijo de descripción fija | 004400000a22001330004500 |
| 041 0# - CÓDIGO DE IDIOMA | |
| Código de idioma para texto/pista de sonido o título separado | |
| 082 04 - NÚMERO DE CLASIFICACIÓN DECIMAL DEWEY | |
| Número de clasificación | G 980.46 C8223c |
| 001 - NÚMERO DE CONTROL | |
| Campo de control | 14468 |
| 245 10 - TÍTULO | |
| Título del Material | Colombia amazónica / Corporación Colombiana para la Amazonía - Araracuara - COA ; Dario Fajardo Montaña, Director |
| 260 ## - PUBLICACIÓN, DISTRIBUCIÓN, ETC. (PIE DE IMPRENTA) | |
| Lugar de publicación, distribución, etc. | Santafé de Bogotá : Corporación Colombiana para la Amazonia - Araracuara - COA |
| 300 ## - DESCRIPCIÓN FÍSICA | |
| Extensión | 269 Pág. |
| 650 14 - ASIENTO SECUNDARIO DE MATERIA - TERMINO TEMÁTICO | |
| Término temático o nombre geográfico como elemento de entrada | INDIGENAS - COLOMBIA |
| 942 ## - TIPO DE MATERIAL (KOHA) | |
| Tipo de Item KOHA | Libros General |
| Estado de Material | Estado de Perdido | Estado de Dañado | No para Préstamo | Colección | Tomo | Biblioteca de Origen | Biblioteca Permanente | Fecha de Adquisición | Total de Préstamos | Signatura Topográfica | Código de Barras | Última vez visto | Ejemplar/Existencia | Fecha de Remplazo | Tipo de Material |
|---|---|---|---|---|---|---|---|---|---|---|---|---|---|---|---|
| Colección General | Biblioteca FUSBC | Biblioteca FUSBC | 06/07/2007 | G 980.46 C8223c | 16483 | 12/12/2019 | 1 | 26/01/2016 | Libros General |
